Indian books in print 1998: a bibliography of Indian books published in English language (Record no. 386962)

000 -LEADER
fixed length control field 00446cam a22001337a 4500
008 - FIXED-LENGTH DATA ELEMENTS--GENERAL INFORMATION
fixed length control field 180718b1998 xxu||||| |||| 00| 0 eng d
082 ## - DEWEY DECIMAL CLASSIFICATION NUMBER
Classification number A2x54 Si64/98
245 ## - TITLE STATEMENT
Title Indian books in print 1998: a bibliography of Indian books published in English language
Statement of responsibility, etc. edited by Sher Singh and Bhawna
260 ## - PUBLICATION, DISTRIBUTION, ETC.
Place of publication, distribution, etc. Delhi
Name of publisher, distributor, etc. Indian Bibliographies Bureau
Date of publication, distribution, etc. 1998
300 ## - PHYSICAL DESCRIPTION
Extent 1123p.
650 ## - SUBJECT ADDED ENTRY--TOPICAL TERM
Topical term or geographic name entry element India - Bibliograpgy
700 ## - ADDED ENTRY--PERSONAL NAME
Personal name Bhawna
700 ## - ADDED ENTRY--PERSONAL NAME
Personal name Singh, Sher
Holdings
Withdrawn status Lost status Damaged status Not for loan Permanent Location Current Location Date acquired Full call number Barcode Date last seen Price effective from Koha item type
        Indian Institute of Public Administration Indian Institute of Public Administration 1998-05-12 A2x54 Si64/98 73172 2018-07-21 2018-07-21 Book
        Indian Institute of Public Administration Indian Institute of Public Administration 1998-05-12 A2x54 Si64/98 73171 2018-07-21 2018-07-21 Book
        Indian Institute of Public Administration Indian Institute of Public Administration 1998-05-12 A2x54 Si64/98 73170 2018-07-21 2018-07-21 Book

Powered by Koha